000 00241nam a2200097Ia 4500
001 920118
005 20250826191402.0
008 250824s9999 xx 000 0 und d
245 0 _aNİŞANLILIK
_cNURİ KAHVECİ
260 _bHİKMETEVİ YAYINLARI
999 _c920118
_d920118